[Event "Leiden op-A 12th"]
[Site "Leiden"]
[Date "2018.07.14"]
[Round "2"]
[White "Kubbenga, Michael"]
[Black "Zhukova, Natalia"]
[Result "0-1"]
[WhiteElo "1898"]
[BlackElo "2380"]
[PlyCount "56"]
[EventDate "2018.07.13"]
[EventType "swiss"]
[EventRounds "9"]
[EventCountry "NED"]
[SourceTitle "CBM 185 Extra"]
[Source "ChessBase"]
[SourceDate "2018.07.29"]
[SourceVersion "1"]
[SourceVersionDate "2018.07.29"]
[SourceQuality "1"]

1. d4 Nf6 2. g3 e6 3. c4 d5 4. Nf3 c5 5. Nc3 cxd4 6. Nxd4 e5 7. Nc2 d4 8. Nb5 Nc6 9. Bg2 Be6 10. b3 a6 11. Nba3 h5 12. h4 Be7 13. Nb1 Bf5 14. Bb2 Qd7 15. Ba3 Rd8 16. Bxe7 Qxe7 17. Qc1 0-0 18. 0-0 e4 19. Qf4 Bg6 20. Ne1 Ng4 21. Bh3 Nce5 22. Bxg4 Nxg4 23. Ng2 Rfe8 24. Qg5 Qd7 25. Qd2 Nxf2 26. Rxf2 e3 27. Qe1 exf2+ 28. Qxf2 d3 0-1

[Event "Leiden LCT op-B 11th"]
[Site "Leiden"]
[Date "2017.07.22"]
[Round "8"]
[White "Thibaut Coignec, Leopold"]
[Black "Kubbenga, Michael"]
[Result "1-0"]
[WhiteElo "1648"]
[BlackElo "1896"]
[PlyCount "75"]
[EventDate "2017.07.14"]
[EventType "swiss"]
[EventRounds "9"]
[EventCountry "NED"]
[SourceTitle "EXT 2018"]
[Source "ChessBase"]
[SourceDate "2017.10.13"]
[SourceVersion "1"]
[SourceVersionDate "2017.10.13"]
[SourceQuality "1"]

1. d4 Nf6 2. Bf4 g6 3. Nc3 d5 4. f3 Bg7 5. e4 dxe4 6. fxe4 0-0 7. Qd2 c5 8. d5 Qb6 9. Rb1 Na6 10. Nf3 Ne8 11. Be2 Bxc3 12. Qxc3 Qb4 13. 0-0 Qxc3 14. bxc3 Nf6 15. Nd2 b6 16. c4 Re8 17. e5 Nd7 18. a3 Bb7 19. Bg4 Rad8 20. e6 fxe6 21. Bxe6+ Kg7 22. Rb3 Rf8 23. Bxd7 Rxf4 24. Rxf4 Rxd7 25. Nf3 Rd6 26. Ne5 Rf6 27. Rbf3 Bc8 28. Nc6 g5 29. Re4 e6 30. Rxf6 Kxf6 31. Re1 exd5 32. cxd5 Bd7 33. Rf1+ Kg7 34. c4 Nc7 35. Nxa7 b5 36. d6 Ne6 37. cxb5 c4 38. Rc1 1-0

[Event "Leiden LCT op-A 7th"]
[Site "Leiden"]
[Date "2013.07.15"]
[Round "4"]
[White "Klop, Tjomme"]
[Black "Kubbenga, Michael"]
[Result "1-0"]
[WhiteElo "2069"]
[BlackElo "1955"]
[PlyCount "83"]
[EventDate "2013.07.12"]
[EventType "swiss"]
[EventRounds "9"]
[EventCountry "NED"]
[SourceTitle "EXT 2015"]
[Source "ChessBase"]
[SourceDate "2014.11.20"]
[SourceVersion "1"]
[SourceVersionDate "2014.11.20"]
[SourceQuality "1"]

1. d4 Nf6 2. c4 e6 3. g3 Bb4+ 4. Nd2 0-0 5. Bg2 d5 6. Ngf3 c5 7. dxc5 dxc4 8. 0-0 Nc6 9. Qc2 Bxc5 10. Nxc4 Qc7 11. Bf4 e5 12. Nfxe5 Nd4 13. Qd1 Ne6 14. Qc1 Nxf4 15. Qxf4 Qe7 16. Nd3 Be6 17. Nxc5 Qxc5 18. Rac1 Qb4 19. b3 Nd5 20. Qe5 Rac8 21. Nd6 Rxc1 22. Rxc1 Qa5 23. Nc4 Qc7 24. Qxc7 Nxc7 25. Bxb7 Rd8 26. Ne3 Ne8 27. Rd1 Nd6 28. Bd5 Bh3 29. f3 h5 30. Kf2 Kf8 31. Rc1 Nf5 32. Nxf5 Bxf5 33. e4 Bg6 34. Rc7 a6 35. Ke3 Rb8 36. f4 f6 37. a3 Rd8 38. Kd4 Be8 39. e5 fxe5+ 40. fxe5 Rd7 41. Rxd7 Bxd7 42. b4 1-0

[Event "Leiden LCT op-A 4th"]
[Site "Leiden"]
[Date "2010.07.09"]
[Round "1"]
[White "Kubbenga, Michael"]
[Black "Wunnink, Michael"]
[Result "0-1"]
[WhiteElo "2014"]
[BlackElo "2286"]
[PlyCount "46"]
[EventDate "2010.07.09"]
[EventType "swiss"]
[EventRounds "9"]
[EventCountry "NED"]
[SourceTitle "CBM 137 Extra"]
[Source "ChessBase"]
[SourceDate "2010.09.01"]
[SourceVersion "1"]
[SourceVersionDate "2010.09.01"]
[SourceQuality "1"]

1. d4 Nf6 2. c4 e6 3. Nc3 Bb4 4. Qc2 d5 5. a3 Bxc3+ 6. Qxc3 Ne4 7. Qc2 c5 8. cxd5 exd5 9. e3 Nc6 10. Nf3 Bf5 11. Qa4 0-0 12. dxc5 Nxc5 13. Qb5 Qd6 14. Nd4 Bd7 15. Nxc6 bxc6 16. Qb4 Rfe8 17. Be2 Rab8 18. Qc3 d4 19. exd4 Nb3 20. Be3 Nxa1 21. b4 a5 22. Qxa1 axb4 23. axb4 Qxb4+ 0-1

[Event "Leiden SB-ch"]
[Site "Leiden"]
[Date "2010.06.29"]
[Round "7"]
[White "Kors, Hans"]
[Black "Kubbenga, Michael"]
[Result "1-0"]
[WhiteElo "1852"]
[BlackElo "1945"]
[PlyCount "109"]
[EventDate "2010.05.18"]
[EventType "swiss"]
[EventRounds "7"]
[EventCountry "NED"]
[SourceTitle "EXT 2012"]
[Source "ChessBase"]
[SourceDate "2011.11.24"]
[SourceVersion "1"]
[SourceVersionDate "2011.11.24"]
[SourceQuality "1"]

1. e4 e5 2. Nf3 Nc6 3. Bc4 Nf6 4. Ng5 d5 5. exd5 Na5 6. Bb5+ c6 7. dxc6 bxc6 8. Bd3 Ng4 9. Ne4 f5 10. Ng3 e4 11. Be2 Nf6 12. d3 Bc5 13. 0-0 0-0 14. Nc3 Qe7 15. Bg5 h6 16. Bxf6 Qxf6 17. dxe4 f4 18. Nf5 Qg5 19. Bf3 Ba6 20. h4 Qf6 21. Be2 Rad8 22. Qc1 Bxe2 23. Nxe2 f3 24. Neg3 Nc4 25. Rd1 Nxb2 26. Rxd8 Rxd8 27. Qe1 Nc4 28. Rd1 Ne5 29. Rxd8+ Qxd8 30. Qc3 Qd1+ 31. Nf1 fxg2 32. Kxg2 Qg4+ 33. N1g3 Nd7 34. f3 Qg6 35. Qc4+ Qf7 36. Qc3 Qg6 37. Qxc5 Nxc5 38. Ne7+ Kf7 39. Nxg6 Kxg6 40. Nf5 Kf6 41. Nd4 Kf7 42. Nxc6 a6 43. Kf2 Kf6 44. Ke3 g5 45. hxg5+ Kxg5 46. f4+ Kf6 47. e5+ Ke6 48. Nd4+ Kf7 49. f5 h5 50. Nf3 Na4 51. Ng5+ Kf8 52. Kd4 h4 53. f6 Nb6 54. e6 Nc8 55. Nh7+ 1-0

[Event "Leiden LCT op 2nd"]
[Site "Leiden"]
[Date "2008.07.11"]
[Round "1"]
[White "Kubbenga, Michael"]
[Black "Giri, Anish"]
[Result "0-1"]
[WhiteElo "2041"]
[BlackElo "2430"]
[PlyCount "50"]
[EventDate "2008.07.11"]
[EventType "swiss"]
[EventRounds "9"]
[EventCountry "NED"]
[SourceTitle "CBM 125 Extra"]
[Source "ChessBase"]
[SourceDate "2008.09.01"]
[SourceVersion "1"]
[SourceVersionDate "2008.09.01"]
[SourceQuality "1"]

1. d4 Nf6 2. c4 g6 3. Nc3 Bg7 4. e4 d6 5. f3 0-0 6. Be3 Nc6 7. Nge2 a6 8. Qd2 Rb8 9. g4 b5 10. Ng3 e5 11. Nce2 exd4 12. Bxd4 Nxd4 13. Nxd4 Bd7 14. cxb5 axb5 15. Be2 c5 16. Nc2 Bc6 17. 0-0-0 Ra8 18. Qxd6 Qa5 19. Qxc5 Qxa2 20. Rd3 Nd7 21. Qb4 Bh6+ 22. Ne3 Rfc8 23. Kd2 Ne5 24. Ra3 Rxa3 25. Qxa3 Rd8+ 0-1

[Event "Leiden SB-ch"]
[Site "Leiden"]
[Date "2008.06.10"]
[Round "4"]
[White "Kubbenga, Michael"]
[Black "Van Gunsteren, Lex"]
[Result "1-0"]
[WhiteElo "1936"]
[BlackElo "1642"]
[PlyCount "61"]
[EventDate "2008.05.20"]
[EventType "swiss"]
[EventRounds "7"]
[EventCountry "NED"]
[SourceTitle "EXT 2012"]
[Source "ChessBase"]
[SourceDate "2011.11.24"]
[SourceVersion "1"]
[SourceVersionDate "2011.11.24"]
[SourceQuality "1"]

1. d4 f5 2. g3 Nf6 3. Bg2 e6 4. Nh3 Bb4+ 5. c3 Ba5 6. 0-0 0-0 7. a4 c6 8. b4 Bc7 9. c4 d5 10. c5 e5 11. Bb2 Nbd7 12. dxe5 Bxe5 13. Bxe5 Nxe5 14. Nf4 Qe7 15. Nd3 Bd7 16. Nd2 a5 17. Nxe5 Qxe5 18. Rb1 axb4 19. Rxb4 Qc3 20. Rxb7 Qxc5 21. Qb3 Qa5 22. Rb4 Kh8 23. Qb2 c5 24. Rb6 Qxa4 25. Nb3 Qa7 26. Nxc5 Rab8 27. Nxd7 Nxd7 28. Rb5 Nf6 29. Rxb8 Rxb8 30. Qe5 Qd7 31. Qxb8+ 1-0

[Event "Leiden SB-ch"]
[Site "Leiden"]
[Date "2008.05.20"]
[Round "1"]
[White "Siero, Paul"]
[Black "Kubbenga, Michael"]
[Result "0-1"]
[WhiteElo "1210"]
[BlackElo "1936"]
[PlyCount "38"]
[EventDate "2008.05.20"]
[EventType "swiss"]
[EventRounds "7"]
[EventCountry "NED"]
[SourceTitle "EXT 2012"]
[Source "ChessBase"]
[SourceDate "2011.11.24"]
[SourceVersion "1"]
[SourceVersionDate "2011.11.24"]
[SourceQuality "1"]

1. e4 e5 2. Nf3 Nc6 3. Bb5 a6 4. Ba4 Nf6 5. 0-0 Nxe4 6. d4 b5 7. Bb3 d5 8. dxe5 Be6 9. c3 Bc5 10. Nbd2 0-0 11. Nxe4 dxe4 12. Qxd8 Raxd8 13. Be3 Bxe3 14. Ne1 Bb6 15. Kh1 Nxe5 16. f4 Ng4 17. Bc2 Bc4 18. Nd3 exd3 19. Bd1 d2 0-1

[Event "Leiden SB-ch"]
[Site "Leiden"]
[Date "2007.06.26"]
[Round "7"]
[White "Kubbenga, Michael"]
[Black "Van der Hoeven, Peter"]
[Result "1-0"]
[WhiteElo "1917"]
[BlackElo "1647"]
[PlyCount "83"]
[EventDate "2007.05.15"]
[EventType "swiss"]
[EventRounds "7"]
[EventCountry "NED"]
[SourceTitle "EXT 2012"]
[Source "ChessBase"]
[SourceDate "2011.11.24"]
[SourceVersion "1"]
[SourceVersionDate "2011.11.24"]
[SourceQuality "1"]

1. d4 Nf6 2. c4 g6 3. Nc3 Bg7 4. e4 d6 5. f3 0-0 6. Be3 Nc6 7. Nge2 e5 8. d5 Ne7 9. Qd2 Ne8 10. g4 f5 11. g5 f4 12. Bf2 Bh8 13. 0-0-0 Ng7 14. Kb1 Nh5 15. c5 Bd7 16. Nc1 Nc8 17. Rg1 dxc5 18. Bxc5 Nd6 19. Nb3 a5 20. a4 Rf7 21. Qc2 Qe8 22. Nd2 b6 23. Bxd6 cxd6 24. Bb5 Rc8 25. Qb3 Qd8 26. Nc4 Qc7 27. Rc1 Bg7 28. Bxd7 Rxd7 29. Nb5 Qb8 30. Ncxd6 Rc5 31. Rxc5 bxc5 32. Nc4 Ra7 33. Qc3 Ra6 34. b3 Kf7 35. Nxa5 Bf8 36. Nc6 Qb6 37. Qxe5 c4 38. Qc7+ Ke8 39. Qxb6 Rxb6 40. bxc4 Bc5 41. Rg2 Kd7 42. Kc2 1-0

[Event "Leiden SB-ch"]
[Site "Leiden"]
[Date "2007.06.12"]
[Round "5"]
[White "Kubbenga, Michael"]
[Black "Bakker, Joop"]
[Result "1/2-1/2"]
[WhiteElo "1917"]
[BlackElo "1927"]
[PlyCount "83"]
[EventDate "2007.05.15"]
[EventType "swiss"]
[EventRounds "7"]
[EventCountry "NED"]
[SourceTitle "EXT 2012"]
[Source "ChessBase"]
[SourceDate "2011.11.24"]
[SourceVersion "1"]
[SourceVersionDate "2011.11.24"]
[SourceQuality "1"]

1. c4 e5 2. Nc3 Nf6 3. d3 Bb4 4. a3 Bxc3+ 5. bxc3 0-0 6. e4 d6 7. Be2 Nc6 8. f4 exf4 9. Bxf4 Ne5 10. Nf3 Ng6 11. Qd2 Nxf4 12. Qxf4 Nh5 13. Qh4 Qxh4+ 14. Nxh4 Nf4 15. g3 Nxe2 16. Kxe2 f5 17. exf5 Bxf5 18. Nxf5 Rxf5 19. Rhf1 Re8+ 20. Kd2 Rfe5 21. Rf2 Rf8 22. Rxf8+ Kxf8 23. Rb1 b6 24. Rb5 Re6 25. Rh5 h6 26. Rf5+ Ke7 27. Rf2 Re5 28. d4 Ra5 29. Re2+ Kd8 30. Rf2 Rxa3 31. Kd3 Ra5 32. h4 Rh5 33. Rf8+ Ke7 34. Rc8 Kd7 35. Rf8 g5 36. Rf5 Ke6 37. Ke4 a5 38. d5+ Ke7 39. Kd3 Kd7 40. Kc2 Kc8 41. Kb3 Kb8 42. Ka4 1/2-1/2